000 00344nam a22001337a 4500
020 _qPB.
040 _cFIZZA ISHAQ
082 _a808.042
_bGER
100 _aGRAFF,GERALD.
_9132523
245 _aTHEY SAY I SAY WITH READINGS /
_cGERALD GRAFF.
260 _aNEW YORK;
_bNORTON & COMPANY,
_c2012.
300 _a701 P. ;
_c7.2X5IN
942 _2ddc
_cBK
999 _c615660
_d615660